Carnivore conservation /

Bibliographic Details
Other Authors: Gittleman, John L.
Format: Book
Language:English
Published: Cambridge ; New York : Cambridge University Press : Zoological Society of London, 2001.
Series:Conservation biology series (Cambridge, England) ; 5.
Subjects:

MARC

Tag First Indicator Second Indicator Subfields
LEADER 00000cam a22000004a 4500
001 in00001636070
005 20151023064806.0
008 000901s2001 enkab b 001 0 eng
010 |a  00045534  
015 |a GBA1-36195 
019 |a 47194074 
020 |a 052166232X 
020 |a 052166537X (pb) 
029 1 |a UKM  |b bA136195 
035 |a (OCoLC)ocm44979619 
040 |a DLC  |c DLC  |d C#P  |d UKM  |d UtOrBLW 
042 |a pcc 
049 |a TXAM 
050 0 0 |a QL737.C2  |b C333 2001 
082 0 0 |a 333.95/9716  |2 21 
245 0 0 |a Carnivore conservation /  |c edited by John L. Gittleman [and others]. 
264 1 |a Cambridge ;  |a New York :  |b Cambridge University Press :  |b Zoological Society of London,  |c 2001. 
300 |a xiii, 675 pages :  |b illustrations, maps ;  |c 23 cm. 
336 |a text  |b txt  |2 rdacontent 
337 |a unmediated  |b n  |2 rdamedia 
338 |a volume  |b nc  |2 rdacarrier 
490 1 |a Conservation biology ;  |v 5 
504 |a Includes bibliographical references (pages [539]-657) and index. 
650 0 |a Carnivora. 
650 0 |a Wildlife conservation. 
700 1 |a Gittleman, John L. 
830 0 |a Conservation biology series (Cambridge, England) ;  |v 5. 
945 |i PromptCat 
948 |a cataloged  |b h  |c 2001/9/11  |d c  |e mphillip  |f 3:16:57 pm 
994 |a 92  |b TXA 
999 |a MARS 
999 f f |s 5f30e04f-a599-3205-a92f-4e5ee4f58613  |i 43b4625a-55f7-31de-b957-810e4312995c  |t 0 
952 f f |p normal  |a Texas A&M University  |b College Station  |c Sterling C. Evans Library  |d Evans: Library Stacks  |t 0  |e QL737.C2 C333 2001  |h Library of Congress classification  |i unmediated -- volume  |m A14828095775 
998 f f |a QL737.C2 C333 2001  |t 0  |l Evans: Library Stacks